La Muerte de Iván Ilich / (Registro nro. 12889)

Detalles MARC
000 -LIDER
fixed length control field 00813nam a22002657a 4500
003 - IDENTIFICACDOR DE NÚMERO DE CONTROL
control field DO-SdBNP
005 - DATE AND TIME OF LATEST TRANSACTION
control field 20171130094445.0
008 - ELEMENTOS DE LONGITUD FIJA
fixed length control field 171115b 1981 sp ||||| |||| 00| 0 spa d
020 ## - ISBN
International Standard Book Number 8402080464
040 ## - FUENTE DE CATALOGACIÓN
Agencia que crea de manera original el registro BPMSU
Idioma de catalogación spa
Agencia que realiza la transcripción BPMSU
092 ## - LOCALLY ASSIGNED DEWEY DECIMAL CALL NUMBER
Número de clasificación xxxx
Número de ítem (Cutter) xxxx
100 1# - ASIENTO PRINCIPAL -- NOMBRE PERSONAL
Nombre personal Tolstoi, Leon
240 10 - TITULO UNIFORME
Título uniforme Smert' Ivana Ilitcha.
Idioma de una obra Español
245 ## - MENCIÓN DE TITULO
Título La Muerte de Iván Ilich /
Mención de responsabilidad Leon Tolstoi ; traducción: Augusto Vidal.
260 ## - PUBLICACIÓN, DISTRIBUCIÓN, ETC. (PIE DE IMPRENTA)
Lugar de publicación, distribución, etc Barcelona :
Nombre del editor, distribuidor, etc. Bruguera,
Fecha de publicación, distribución, etc 1981.
300 ## - DESCRIPCIÓN FÍSICA
Extensión 187 p. ;
Dimensiones 18 cm.
490 1# - MENCIÓN DE SERIES
Mención de serie Club Bruguera
Volume/sequential designation 79
490 1# - MENCIÓN DE SERIES
Mención de serie Literatura universal Bruguera
700 1# - ASIENTO SECUNDARIO -- NOMBRE PERSONAL
Nombre personal Vidal, Augusto,
Mención de responsabilidad tr.
830 #0 - ASIENTO SECUNDARIO DE SERIE--TÍTULO UNIFORME
Título uniforme Club Bruguera
Volume number/sequential designation 79
830 #0 - ASIENTO SECUNDARIO DE SERIE--TÍTULO UNIFORME
Título uniforme Literatura universal Bruguera
942 ## - ADDED ENTRY ELEMENTS (KOHA)
Source of classification or shelving scheme Dewey Decimal Classification
Koha item type Libros
945 ## - INFORMACIÓN DE PROCESAMIENTO LOCAL
Información de procesamiento local Inventariado extranjero /2017 BT
956 ## - LOCAL ELECTRONIC LOCATION AND ACCESS (OCLC)
Nombre de host LOPEREZ
Número de acceso 10
Información de compresión 20171114
Trayectoria 0041
Existencias
Withdrawn status Lost status Source of classification or shelving scheme Damaged status Not for loan Collection code Home library Current library Date acquired Total Checkouts Barcode Date last seen Price effective from Koha item type
    Dewey Decimal Classification     Colección General Biblioteca Pública Metropolitana Salomé Ureña Biblioteca Pública Metropolitana Salomé Ureña 11/15/2017   BPMSU17110195 11/15/2017 11/15/2017 Libros